[Event "Pan American-ch Seniors 50"]
[Site "Lima"]
[Date "2023.04.30"]
[Round "8"]
[White "Serafim Junior, Arnor"]
[Black "Riquelme, Andres"]
[Result "1-0"]
[WhiteElo "1672"]
[BlackElo "1657"]
[PlyCount "103"]
[EventDate "2023.04.26"]
[EventType "swiss"]
[EventRounds "9"]
[EventCountry "PER"]
[SourceTitle "CBM 214 Extra"]
[Source "ChessBase"]
[SourceDate "2023.07.31"]
[SourceVersion "1"]
[SourceVersionDate "2023.07.31"]
[SourceQuality "1"]

1. c4 Nf6 2. Nf3 g6 3. Nc3 Bg7 4. g3 b6 5. Bg2 Bb7 6. 0-0 0-0 7. d4 d6 8. Qc2 Nbd7 9. b3 Re8 10. Bb2 e5 11. e3 Nf8 12. dxe5 dxe5 13. Nxe5 Bxg2 14. Nxf7 Kxf7 15. Kxg2 Qe7 16. Nb5 c6 17. Ba3 c5 18. Rad1 Rad8 19. Kg1 Ne6 20. Bc1 Ng5 21. f3 a6 22. Nc3 Kg8 23. e4 Rxd1 24. Qxd1 Rd8 25. Qe2 Nh5 26. Nd5 Nh3+ 27. Kg2 Qe6 28. Qe1 g5 29. Ne3 N5f4+ 30. gxf4 Nxf4+ 31. Kh1 Qh3 32. Qg3 Qxg3 33. hxg3 Ne2 34. Kg2 Rd3 35. Nd5 Nxc1 36. Rxc1 Rd2+ 37. Kh3 Rxa2 38. Kg4 h6 39. Nxb6 Rb2 40. Ra1 Rxb3 41. Rxa6 Rb4 42. Kf5 Rb3 43. Kg4 Rb4 44. f4 gxf4 45. gxf4 Kf8 46. Kf5 Bd4 47. Kg6 Rb1 48. Nd5 Rg1+ 49. Kxh6 Kf7 50. Ra7+ Ke6 51. Re7+ Kd6 52. e5+ 1-0

[Event "Criciuma op"]
[Site "Criciuma"]
[Date "2023.01.16"]
[Round "5"]
[White "Maxit, Alfredo Javier"]
[Black "Serafim Junior, Arnor"]
[Result "0-1"]
[WhiteElo "1472"]
[BlackElo "1713"]
[PlyCount "56"]
[EventDate "2023.01.13"]
[EventType "swiss"]
[EventRounds "9"]
[EventCountry "BRA"]
[SourceTitle "CBM 212 Extra"]
[Source "ChessBase"]
[SourceDate "2023.03.31"]
[SourceVersion "1"]
[SourceVersionDate "2023.03.31"]
[SourceQuality "1"]

1. e4 c5 2. Nc3 Nc6 3. f4 d6 4. Bb5 Bd7 5. Nf3 e6 6. 0-0 Nf6 7. a3 Be7 8. d3 0-0 9. Qe2 Nd4 10. Nxd4 cxd4 11. Bxd7 Qxd7 12. Nd1 Rac8 13. g4 g6 14. h4 h5 15. Nf2 hxg4 16. Nxg4 Nh5 17. f5 exf5 18. Nh6+ Kh7 19. Nxf5 Bf6 20. Qd2 Rh8 21. Qd1 gxf5 22. Rxf5 Rcg8+ 23. Bg5 Bxg5 24. Qxh5+ Bh6+ 25. Kh2 Rg7 26. Rf6 Kg8 27. Rxh6 Rxh6 28. Qxh6 Qg4 0-1

[Event "Florianopolis op 6th"]
[Site "Florianopolis"]
[Date "2020.01.26"]
[Round "10"]
[White "Heinechen, John"]
[Black "Serafim Junior, Arnor"]
[Result "1-0"]
[WhiteElo "1974"]
[BlackElo "1813"]
[PlyCount "49"]
[EventDate "2020.01.20"]
[EventType "swiss"]
[EventRounds "10"]
[EventCountry "BRA"]
[SourceTitle "CBM 194 Extra"]
[Source "ChessBase"]
[SourceDate "2020.03.31"]
[SourceVersion "1"]
[SourceVersionDate "2020.03.31"]
[SourceQuality "1"]

1. e4 c5 2. Nf3 e6 3. d4 cxd4 4. Nxd4 a6 5. Bd3 Nf6 6. 0-0 d6 7. Qe2 Qc7 8. c4 Be7 9. Nc3 0-0 10. Kh1 Nbd7 11. f4 Re8 12. Bd2 b6 13. Rae1 g6 14. e5 Nh5 15. exd6 Qxd6 16. Ne4 Qc7 17. Ng5 Nc5 18. Bc2 Bf6 19. Nf5 exf5 20. Qxe8+ Kg7 21. Bc3 Bb7 22. Qe7 Rc8 23. Bxf6+ Nxf6 24. b4 Nce4 25. Ne6+ 1-0

[Event "Sao Paulo Hebraica op 27th"]
[Site "Sao Paulo"]
[Date "2020.01.11"]
[Round "4"]
[White "Canonico, Rodrigo"]
[Black "Serafim Junior, Arnor"]
[Result "1/2-1/2"]
[WhiteElo "1700"]
[BlackElo "1813"]
[PlyCount "49"]
[EventDate "2020.01.10"]
[EventType "swiss"]
[EventRounds "6"]
[EventCountry "BRA"]
[SourceTitle "CBM 194 Extra"]
[Source "ChessBase"]
[SourceDate "2020.03.31"]
[SourceVersion "1"]
[SourceVersionDate "2020.03.31"]
[SourceQuality "1"]

1. e4 c5 2. d4 cxd4 3. c3 d3 4. Bxd3 Nc6 5. c4 g6 6. Nf3 Bg7 7. 0-0 d6 8. h3 Nf6 9. Nc3 0-0 10. Bg5 h6 11. Be3 b6 12. Qd2 Kh7 13. Rad1 Bb7 14. Bb1 Rc8 15. b3 Ne8 16. a3 Na5 17. Qc2 Nc6 18. Nd5 e6 19. Nf4 Qe7 20. e5 Rh8 21. Nxg6 fxg6 22. Qxg6+ Kg8 23. exd6 Nxd6 24. Bf4 Nf7 25. Rfe1 1/2-1/2

[Event "Sao Paulo Hebraica op 27th"]
[Site "Sao Paulo"]
[Date "2020.01.10"]
[Round "1"]
[White "Serafim Junior, Arnor"]
[Black "Da Cunha, Gabriela Goes"]
[Result "0-1"]
[WhiteElo "1813"]
[BlackElo "1437"]
[PlyCount "68"]
[EventDate "2020.01.10"]
[EventType "swiss"]
[EventRounds "6"]
[EventCountry "BRA"]
[SourceTitle "CBM 194 Extra"]
[Source "ChessBase"]
[SourceDate "2020.03.31"]
[SourceVersion "1"]
[SourceVersionDate "2020.03.31"]
[SourceQuality "1"]

1. c4 e5 2. Nc3 Nc6 3. g3 g6 4. Bg2 Bg7 5. e3 d6 6. Nge2 h5 7. h3 h4 8. g4 Nf6 9. d4 Qe7 10. Nd5 Nxd5 11. cxd5 Nd8 12. b3 e4 13. Nf4 f5 14. Nxg6 Qg5 15. Nxh8 fxg4 16. hxg4 Bxg4 17. Qc2 Bxh8 18. Qxe4+ Kf8 19. Qh7 Bf6 20. e4 Qg7 21. Qxg7+ Kxg7 22. Bb2 Nf7 23. Rc1 Rh8 24. Rg1 Kf8 25. Rxc7 Ng5 26. e5 Bd8 27. Rxb7 h3 28. Bh1 Nf3+ 29. Bxf3 Bxf3 30. Rgg7 h2 31. Rbf7+ Ke8 32. Rh7 h1Q+ 33. Rxh1 Rxh1+ 34. Kd2 Kxf7 0-1

[Event "Innsbruck op-B 3rd"]
[Site "Innsbruck"]
[Date "2019.08.28"]
[Round "6"]
[White "Schulz, Stefan1111"]
[Black "Serafim Junior, Arnor"]
[Result "1-0"]
[WhiteElo "1912"]
[BlackElo "1781"]
[PlyCount "91"]
[EventDate "2019.08.25"]
[EventType "swiss"]
[EventRounds "9"]
[EventCountry "AUT"]
[SourceTitle "EXT 2020"]
[Source "ChessBase"]
[SourceDate "2019.10.17"]
[SourceVersion "1"]
[SourceVersionDate "2019.10.17"]
[SourceQuality "1"]

1. e4 c5 2. Nf3 e6 3. d4 cxd4 4. Nxd4 a6 5. Nc3 Qc7 6. Bd3 Nc6 7. Nxc6 dxc6 8. 0-0 e5 9. Be3 Nf6 10. Na4 Ng4 11. Bb6 Qe7 12. h3 Nh6 13. Bc5 Qg5 14. Bxf8 Bxh3 15. Qf3 Bg4 16. Qg3 Kxf8 17. f3 Qe3+ 18. Kh1 Be6 19. Qxe5 Re8 20. Rae1 Qa7 21. Qd6+ Kg8 22. Qb4 b5 23. Nc5 Bxa2 24. Ra1 Re5 25. Rxa2 Rxc5 26. g4 Qe7 27. Qd4 Qh4+ 28. Kg2 Nxg4 29. fxg4 Qxg4+ 30. Kf2 Rf5+ 31. Ke1 Rxf1+ 32. Kxf1 Qh3+ 33. Ke1 Qc8 34. Rxa6 h5 35. e5 g6 36. Rb6 Qe6 37. Qc5 Kg7 38. Rxc6 Qa2 39. Qxb5 h4 40. Ra6 Qb1+ 41. Kd2 Rh5 42. Qb6 Qh1 43. Qf6+ Kg8 44. Rd6 Qh2+ 45. Be2 Qxe5 46. Rd8+ 1-0